000 00502nam a22001577a 4500
008 151215b xxu||||| |||| 00| 0 eng d
020 _a0781802644
050 _aPL8751.4.K67 1996
100 _aKotey, Paul A
_921328
245 _aTwi-English/English Twi dictionary
_c/ Paul A Kotey
260 _aNew York
_bHippocrene Books
_c1996
300 _a332p.
_c160p.
650 _aTwi language
_xDictionaries
_xEnglish
_921329
650 _aEnglish language
_xDictionaries
_xTwi
_921330
942 _2lcc
_cMONOGRAPH
999 _c123883
_d123883